| 000 | 00550cam a2200193 4500 | ||
|---|---|---|---|
| 001 | D938 | ||
| 008 | 090401t1975 xxu||||| |||| 00| 0 eng d | ||
| 035 | _a(Sirsi) u48982 | ||
| 041 | _aeng | ||
| 050 | _a526.982 | ||
| 100 | _aReeves, Robert G. (ed) | ||
| 245 | _aManual of remote sensing. Vol. 1: Theory, instruments and techniques | ||
| 260 |
_aFalls Church, Va _bAmerican Society of Photogrammetry _c1975 |
||
| 300 | _a2v. ill. 30cm | ||
| 350 | _a27 | ||
| 710 |
_aAmerican Society of Photogrammetry _93105 |
||
| 942 | _n0 | ||
| 948 | _c04/03/1997 | ||
| 999 |
_c92453 _d92453 |
||